Mechanical services for buildings / (Record no. 6414)
[ view plain ]
| 000 -LEADER | |
|---|---|
| fixed length control field | 00806nac a22002171u 4500 |
| 010 ## - LIBRARY OF CONGRESS CONTROL NUMBER | |
| LC control number | 91014026 |
| 020 ## - INTERNATIONAL STANDARD BOOK NUMBER | |
| International Standard Book Number | 0470217901 |
| 082 00 - DEWEY DECIMAL CLASSIFICATION NUMBER | |
| Classification number | 697 |
| Item number | EAS |
| 090 ## - LOCALLY ASSIGNED LC-TYPE CALL NUMBER (OCLC); LOCAL CALL NUMBER (OCLC) | |
| -- | 6414 |
| -- | 6414 |
| 100 ## - MAIN ENTRY--PERSONAL NAME | |
| Personal name | Eastop, T. D. |
| 245 10 - TITLE STATEMENT | |
| Title | Mechanical services for buildings / |
| Statement of responsibility, etc | T.D. Eastop, W.E. Watson. |
| 260 ## - PUBLICATION, DISTRIBUTION, ETC. (IMPRINT) | |
| Place of publication, distribution, etc | Harlow, Essex, England : |
| Name of publisher, distributor, etc | Longman Scientific & Technical ; |
| Place of publication, distribution, etc | New York, NY : |
| Name of publisher, distributor, etc | Wiley,c.1992. |
| Date of publication, distribution, etc | c.1992. |
| 300 ## - PHYSICAL DESCRIPTION | |
| Extent | xix, 558 p. : |
| Other physical details | ill. ; |
| Dimensions | 25 cm. |
| 500 ## - GENERAL NOTE | |
| General note | Distributer: Al-Ahram. |
| 504 ## - BIBLIOGRAPHY, ETC. NOTE | |
| Bibliography, etc | Includes bibliographical references and index. |
| 511 ## - PARTICIPANT OR PERFORMER NOTE | |
| Participant or performer note | Catalogued By: Mahitab. |
| 650 #0 - SUBJECT ADDED ENTRY--TOPICAL TERM | |
| Topical term or geographic name as entry element | Buildings |
| General subdivision | Mechanical equipment. |
| 650 #0 - SUBJECT ADDED ENTRY--TOPICAL TERM | |
| Topical term or geographic name as entry element | Buildings |
| General subdivision | Environmental engineering. |
| 700 1# - ADDED ENTRY--PERSONAL NAME | |
| Personal name | Watson, W. E. |
| Fuller form of name | (William Edward), |
| Dates associated with a name | 1939- |
| 942 ## - ADDED ENTRY ELEMENTS (KOHA) | |
| Item type | Book - Borrowing |
| Call number prefix | 697EAS |
| Withdrawn status | Item status | Damaged status | Not for loan | Home library | Current library | Shelving location | Date acquired | Source of acquisition | Total Checkouts | Full call number | Barcode | Date last seen | Koha item type |
|---|---|---|---|---|---|---|---|---|---|---|---|---|---|
| Central Library | Central Library | First floor | 22/11/2007 | Purchase | 697EAS | 000007855 | 15/07/2025 | Book - Borrowing |